| 000 | 01199nas a2200373 4500 | ||
|---|---|---|---|
| 001 | BR2014003018 | ||
| 003 | BR-BrBNA | ||
| 005 | 20231205124012.0 | ||
| 007 | ta | ||
| 008 | 230509b bl.|||p| |||| 00| 00por d | ||
| 040 |
_aBR-BrBNA _bpor _cBiblioteca Nacional de Agricultura |
||
| 041 | _a(Pt) | ||
| 072 | _aL72 | ||
| 100 | 1 | _aBatista, L.C. de S.O. | |
| 100 | 1 | _aVieira, V.P. de C. | |
| 100 | 1 | _aCorreia, T.R. | |
| 100 | 1 | _aSantos, E.C.F. dos | |
| 100 | 1 | _aFazio Junior, P.I. | |
| 100 | 1 | _aFlorencio, C. do N. | |
| 100 | 1 | _aCarneiro, M.B. | |
| 100 | 1 | _aScott, F.B. | |
| 100 | 1 | _aCoumendouros, K. | |
| 245 | 1 | _aEficácia in vitro de uma formulação aerossol de Piriproxifen e Ciflutrina no controle de Ctenocephalides felis felis (Bouché, 1835)(Siphonaptera: Pulicidae) | |
| 650 | _aGATO | ||
| 650 | _aPULGA | ||
| 650 | _aINSETO | ||
| 650 | _aREGULADOR DE CRESCIMENTO | ||
| 650 | _aINFESTAÇÃO | ||
| 650 | _aCONTROLE QUÍMICO | ||
| 650 | _aCONTROLE AMBIENTAL | ||
| 773 | 0 |
_tRevista Brasileira de Medicina Veterinária (Brazil) _xISSN 0100-2430 _g(Dec 2012), v. 34(supl. 1) p. 41-45 _wBR2014003018 |
|
| 909 |
_a202311 _bLúcia _c55 _dLúcia Elande |
||
| 942 |
_2AGRIS _n0 _cANA |
||
| 999 |
_c236848 _d236848 |
||